PSYCHOLOGY EXPRESS: SOCIAL PSYCHOLOGY (Record no. 15076)

MARC details
000 -LEADER
fixed length control field 00269nam a22001217a 4500
003 - CONTROL NUMBER IDENTIFIER
control field SGT
082 ## - DEWEY DECIMAL CLASSIFICATION NUMBER
Classification number 150
Item number P14M
100 ## - MAIN ENTRY--PERSONAL NAME
Personal name MERCER, JENNY
245 ## - TITLE STATEMENT
Title PSYCHOLOGY EXPRESS: SOCIAL PSYCHOLOGY
260 ## - PUBLICATION, DISTRIBUTION, ETC. (IMPRINT)
Place of publication, distribution, etc INDIA
Name of publisher, distributor, etc PERSON
Year of Publication 2014
300 ## - PAGE DESCRIPTION
No. of Pages 222
942 ## - ADDED ENTRY ELEMENTS (KOHA)
Source of classification or shelving scheme Dewey Decimal Classification
Koha item type Books
942 ## - ADDED ENTRY ELEMENTS (KOHA)
-- 20
Holdings
Withdrawn status Lost status Source of classification or shelving scheme Damaged status Not for loan Collection code Home library Current library Shelving location Date acquired Vendor Name Cost, normal purchase price SGTU Bill Number Total Checkouts Full call number Accession No. (Barcode) Date last seen Date last borrowed Bill Date Koha item type
    Dewey Decimal Classification     MEDICAL SGT Engineering Library SGT Engineering Library Text Book 05/02/2018 ABC 299.00 SGTU 9089 16 150 P14M FM10426 19/01/2026 31/12/2025 13/12/2017 Books
    Dewey Decimal Classification     MEDICAL SGT Engineering Library SGT Engineering Library Text Book 05/02/2018 ABC 299.00 SGTU 9089 3 150 P14M FM10428 01/12/2025 01/12/2025 13/12/2017 Books
    Dewey Decimal Classification     MEDICAL SGT Engineering Library SGT Engineering Library Text Book 05/02/2018 ABC 299.00 SGTU 9089 4 150 P14M FM10429 04/02/2026 21/01/2026 13/12/2017 Books
    Dewey Decimal Classification     MEDICAL SGT Engineering Library SGT Engineering Library Text Book 05/02/2018 ABC 299.00 SGTU 9089 4 150 P14M FM10430 20/03/2024 11/03/2024 13/12/2017 Books
    Dewey Decimal Classification     MEDICAL SGT Medical Library SGT Medical Library Text Book 05/02/2018 ABC 299.00 SGTU 9089   150 P14M FM10427 05/02/2018   13/12/2017 Books